| 000 | 00773nam a2200205 a 4500 | ||
|---|---|---|---|
| 003 | 0 | ||
| 005 | 20250619125625.0 | ||
| 008 | 021121s19uu xx 00 eng d | ||
| 050 |
_aPGS PN 1992.8.C48 _b.C957 2000 |
||
| 100 | _aCruz, Sunshine Gervasio. | ||
| 245 |
_aThe effect of television on the study period of grade five students at home / _cSunshine Gervasio Cruz. |
||
| 260 |
_aLas PiƱas City, Philippines : _bSouthville International School and Colleges, _c2000. |
||
| 300 |
_a31 pages : _bcolored illustrations ; _c28 cm. |
||
| 504 | _aIncludes bibliographical references. | ||
| 650 | _aTelevision and children. | ||
| 650 | _aStudy habits. | ||
| 650 |
_aElementary school students _vAttitudes. |
||
| 650 | _aHome environment and learning. | ||
| 942 |
_2lcc _cPASS |
||
| 999 |
_c96311 _d96311 |
||